[Event "Pilsen Region-chT 2223"]
[Site "Czech Republic"]
[Date "2023.04.02"]
[Round "11.8"]
[White "Simek, Milan"]
[Black "Petrtyl, Jiri"]
[Result "0-1"]
[WhiteElo "1844"]
[BlackElo "2087"]
[PlyCount "72"]
[EventDate "2022.10.09"]
[EventType "team-tourn"]
[EventRounds "11"]
[EventCountry "CZE"]
[SourceTitle "EXT 2024"]
[Source "ChessBase"]
[SourceDate "2023.10.10"]
[SourceVersion "1"]
[SourceVersionDate "2023.10.10"]
[SourceQuality "1"]
[WhiteTeam "Kozolupy Sakal"]
[BlackTeam "Plzen Kosutka"]
[WhiteTeamCountry "CZE"]
[BlackTeamCountry "CZE"]

1. e4 c6 2. d4 d5 3. exd5 cxd5 4. Nf3 Bg4 5. Be2 Nc6 6. 0-0 Nf6 7. Bg5 Qb6 8. Bxf6 gxf6 9. Nc3 e6 10. Na4 Qc7 11. b3 Bd6 12. h3 Bxf3 13. Bxf3 b5 14. Nb2 0-0 15. Qd3 Rab8 16. c3 Rfc8 17. Be2 f5 18. Qf3 Ne7 19. Nd1 Ng6 20. Bd3 Nf4 21. Bc2 Kh8 22. Kh1 Rg8 23. Rg1 Rg7 24. c4 bxc4 25. Ne3 cxb3 26. Bxb3 Qc3 27. Qd1 Rbg8 28. Rc1 Nxh3 29. Rf1 Nxf2+ 30. Rxf2 Qxe3 31. Rf3 Qg5 32. Rc2 Qh5+ 33. Kg1 Qh2+ 34. Kf1 Qh1+ 35. Ke2 Rxg2+ 36. Rf2 Rxf2+ 0-1

[Event "Pilsen Region-chT 2223"]
[Site "Czech Republic"]
[Date "2023.01.15"]
[Round "6.6"]
[White "Reznickova, Sibyla"]
[Black "Simek, Milan"]
[Result "1-0"]
[WhiteElo "1238"]
[BlackElo "1844"]
[PlyCount "59"]
[EventDate "2022.10.09"]
[EventType "team-tourn"]
[EventRounds "11"]
[EventCountry "CZE"]
[SourceTitle "EXT 2024"]
[Source "ChessBase"]
[SourceDate "2023.10.10"]
[SourceVersion "1"]
[SourceVersionDate "2023.10.10"]
[SourceQuality "1"]
[WhiteTeam "Tachov"]
[BlackTeam "Kozolupy Sakal"]
[WhiteTeamCountry "CZE"]
[BlackTeamCountry "CZE"]

1. d4 d5 2. c4 e6 3. Nc3 Nf6 4. Bg5 Be7 5. Nf3 0-0 6. e3 Ne4 7. Bf4 c5 8. Bd3 f5 9. 0-0 Nc6 10. Be5 b6 11. cxd5 Nxc3 12. bxc3 Nxe5 13. Nxe5 exd5 14. Qf3 Be6 15. Qh3 Rf6 16. f4 Rh6 17. Qf3 c4 18. Bc2 Rc8 19. Kh1 Qd6 20. Rg1 Qa3 21. g4 fxg4 22. Nxg4 Rh4 23. f5 Rf8 24. Qg3 g5 25. fxe6 Qxc3 26. Rac1 Qd2 27. Qxh4 gxh4 28. Nh6+ Kh8 29. Nf7+ Rxf7 30. exf7 1-0

[Event "Pilsen Region-chT 2223"]
[Site "Czech Republic"]
[Date "2022.11.27"]
[Round "4.7"]
[White "Simek, Milan"]
[Black "Cekan, Petr1111"]
[Result "0-1"]
[WhiteElo "1844"]
[BlackElo "1926"]
[PlyCount "104"]
[EventDate "2022.10.09"]
[EventType "team-tourn"]
[EventRounds "11"]
[EventCountry "CZE"]
[SourceTitle "EXT 2024"]
[Source "ChessBase"]
[SourceDate "2023.10.10"]
[SourceVersion "1"]
[SourceVersionDate "2023.10.10"]
[SourceQuality "1"]
[WhiteTeam "Kozolupy Sakal"]
[BlackTeam "Dvorec"]
[WhiteTeamCountry "CZE"]
[BlackTeamCountry "CZE"]

1. e4 c5 2. Nf3 Nc6 3. d4 cxd4 4. Nxd4 g6 5. Nc3 Bg7 6. Be3 Nf6 7. Be2 0-0 8. 0-0 d6 9. h3 Bd7 10. Qd2 a6 11. a3 Rc8 12. Rab1 Ne5 13. f3 Nc4 14. Bxc4 Rxc4 15. Nde2 Be6 16. Bh6 Qb6+ 17. Kh1 Nh5 18. Bxg7 Kxg7 19. Qg5 Nf6 20. Nf4 h6 21. Qg3 Qa5 22. Qf2 Qg5 23. g3 Nh5 24. Nxh5+ Qxh5 25. Qg2 Bxh3 26. Qh2 Bxf1 27. Qxh5 gxh5 28. Rxf1 e6 29. Rf2 Rfc8 30. Rd2 R4c6 31. Kh2 Kf6 32. Kh3 R8c7 33. Kh4 Kg6 34. Rg2 Rxc3 35. bxc3 Rxc3 36. f4 Rxa3 37. g4 hxg4 38. Rxg4+ Kf6 39. Rg8 Rc3 40. Rb8 Rc7 41. Kh5 a5 42. Kxh6 Rxc2 43. Kh5 Rc7 44. Kg4 a4 45. Kf3 a3 46. Ra8 Rc3+ 47. Ke2 b5 48. Ra5 b4 49. Kd2 Rc5 50. Ra6 d5 51. exd5 Rxd5+ 52. Kc2 Rf5 0-1